<?xml version="1.0" encoding="UTF-8"?>
<record
    xmlns:xsi="http://www.w3.org/2001/XMLSchema-instance"
    xsi:schemaLocation="http://www.loc.gov/MARC21/slim http://www.loc.gov/standards/marcxml/schema/MARC21slim.xsd"
    xmlns="http://www.loc.gov/MARC21/slim">

  <leader>02383nam a22002777a 4500</leader>
  <controlfield tag="005">20260409115207.0</controlfield>
  <controlfield tag="008">260409b        |||||||| |||| 00| 0 eng d</controlfield>
  <datafield tag="020" ind1=" " ind2=" ">
    <subfield code="a">9789354601361</subfield>
  </datafield>
  <datafield tag="040" ind1=" " ind2=" ">
    <subfield code="c">AL</subfield>
  </datafield>
  <datafield tag="041" ind1=" " ind2=" ">
    <subfield code="a">eng</subfield>
  </datafield>
  <datafield tag="082" ind1=" " ind2=" ">
    <subfield code="a">518.2</subfield>
    <subfield code="b">CHAN</subfield>
  </datafield>
  <datafield tag="100" ind1=" " ind2=" ">
    <subfield code="a">Steven C Chapra</subfield>
    <subfield code="9">261066</subfield>
  </datafield>
  <datafield tag="245" ind1=" " ind2=" ">
    <subfield code="a">Numerical methods for engineers Ed 8</subfield>
  </datafield>
  <datafield tag="250" ind1=" " ind2=" ">
    <subfield code="a">8</subfield>
  </datafield>
  <datafield tag="260" ind1=" " ind2=" ">
    <subfield code="a">Haryana</subfield>
    <subfield code="b">McGraw Hill Education India Pvt Ltd</subfield>
    <subfield code="c">2024</subfield>
  </datafield>
  <datafield tag="300" ind1=" " ind2=" ">
    <subfield code="a">xviii,988p</subfield>
    <subfield code="b">PB</subfield>
    <subfield code="c">25.5X20.5CM</subfield>
  </datafield>
  <datafield tag="365" ind1=" " ind2=" ">
    <subfield code="2">Information Science Engineering</subfield>
    <subfield code="a">VBI-2645</subfield>
    <subfield code="b">&#x20B9;937.50</subfield>
    <subfield code="c">&#x20B9;</subfield>
    <subfield code="d">&#x20B9;1250.00</subfield>
    <subfield code="e">25%</subfield>
    <subfield code="f">20-02-2026</subfield>
  </datafield>
  <datafield tag="520" ind1=" " ind2=" ">
    <subfield code="a">The eighth edition of Chapra and Canale's &#x2018;Numerical Methods for Engineers&#x2019; retains the instructional techniques that have made the text so successful The book covers the standard numerical methods employed by both students and practicing engineers Although relevant theory is covered the primary emphasis is on how the methods are applied for engineering problem solving Each part of the book includes a chapter devoted to case studies from the major engineering disciplines Numerous new or revised end of chapter problems and case studies are drawn from actual engineering practice This edition also includes several new topics including a new formulation for cubic splines Monte Carlo integration and supplementary material on hyperbolic partial differential equations. Salient Features: 1. Strong emphasis on both programming and packages to apply numerical methods for problem solving. 2. Monte Carlo integration, increasingly used in engineering and science, has been added. 3. New, improved formulation for cubic splines that is easier to understand &amp; compatible with MATLAB algorithm 4. Supplementary material on hyperbolic partial differential equations (PDEs) has been added 5. Student oriented pedagogy Features supporting this goal are the overall organization, the use of introductions and epilogues to consolidate major topics, the extensive use of worked examples and case studies from all areas of engineering, and liberal use of figures to graphically illuminate concepts and theory.</subfield>
  </datafield>
  <datafield tag="650" ind1=" " ind2=" ">
    <subfield code="a">Programming and Software</subfield>
    <subfield code="9">261054</subfield>
  </datafield>
  <datafield tag="650" ind1=" " ind2=" ">
    <subfield code="a">Roots of Equations</subfield>
    <subfield code="9">261055</subfield>
  </datafield>
  <datafield tag="650" ind1=" " ind2=" ">
    <subfield code="a">Linear Algebraic Equations</subfield>
    <subfield code="9">261056</subfield>
  </datafield>
  <datafield tag="650" ind1=" " ind2=" ">
    <subfield code="a">Optimization</subfield>
    <subfield code="9">261057</subfield>
  </datafield>
  <datafield tag="650" ind1=" " ind2=" ">
    <subfield code="a">Partial Differential Equations</subfield>
    <subfield code="9">261058</subfield>
  </datafield>
  <datafield tag="700" ind1=" " ind2=" ">
    <subfield code="a">Canale, Raymond P</subfield>
    <subfield code="9">261059</subfield>
  </datafield>
  <datafield tag="942" ind1=" " ind2=" ">
    <subfield code="2">ddc</subfield>
    <subfield code="c">BK</subfield>
  </datafield>
  <datafield tag="999" ind1=" " ind2=" ">
    <subfield code="c">241197</subfield>
    <subfield code="d">241197</subfield>
  </datafield>
  <datafield tag="952" ind1=" " ind2=" ">
    <subfield code="0">0</subfield>
    <subfield code="1">0</subfield>
    <subfield code="2">ddc</subfield>
    <subfield code="4">0</subfield>
    <subfield code="7">0</subfield>
    <subfield code="8">ISE</subfield>
    <subfield code="a">SE</subfield>
    <subfield code="b">SE</subfield>
    <subfield code="d">2026-04-08</subfield>
    <subfield code="e">Vidyarthi Books, Bengaluru-560076</subfield>
    <subfield code="g">937.50</subfield>
    <subfield code="l">0</subfield>
    <subfield code="o">518.2 CHAN</subfield>
    <subfield code="p">SE000478</subfield>
    <subfield code="r">2026-04-09 11:51:08</subfield>
    <subfield code="v">1250.00</subfield>
    <subfield code="w">2026-02-20</subfield>
    <subfield code="y">BK</subfield>
  </datafield>
</record>
